|
|
|
|
| LEADER |
00000nab a2200000 a 4500 |
| 001 |
vtls000781009 |
| 003 |
SK-MaSNL |
| 005 |
20260426094434.0 |
| 008 |
140328c2001 xo 0 slo |
| 015 |
|
|
|a SNBRB2002/02-04307
|
| 035 |
|
|
|a CLN000132744
|
| 040 |
|
|
|a SNKBUCL
|b slo
|c SNKBUCL
|e AACR2
|
| 041 |
0 |
|
|a slo
|
| 044 |
|
|
|a xo
|c SK
|
| 080 |
|
|
|a 69.057.5:061.5(437.6)
|2 1997
|
| 080 |
|
|
|a 725.21(437.6)
|2 1997
|
| 100 |
1 |
|
|a Lalíková, Darina
|4 aut
|9 8716
|
| 245 |
1 |
0 |
|a Debniace práce na stavbe Aupark
|c pripravila D. Lalíková, M. Cifrová
|
| 300 |
|
|
|b Fotogr.
|
| 610 |
|
7 |
|a Aupark (Bratislava, Slovensko)
|2 snkbucl
|9 267825
|
| 650 |
0 |
7 |
|a centrá obchodné
|x debnenie stavebné
|2 snkbucl
|9 1546635
|
| 651 |
|
7 |
|a Bratislava (Slovensko)
|2 snkbucl
|9 14568
|
| 655 |
|
7 |
|a články z novín a časopisov
|2 snkbucl
|9 267496
|
| 700 |
1 |
|
|a Cifrová, M.
|4 aut
|9 867230
|
| 773 |
0 |
|
|t Eurostav
|g Roč. 7, č. 8 (2001), s. 24-25
|x 1335-1249
|
| 850 |
|
|
|a Slovenská národná knižnica v Martine
|
| 852 |
|
|
|a SNK
|b KIS3GCP
|
| 992 |
|
|
|a RBX
|
| 999 |
|
|
|c 3136539
|d 3138469
|